Zmena účtovného obdobia

Oznámenie o zmene účtovného obdobia. Účtovná závierka a uzávierkové účtovné prípady. Daňové hľadisko pri zmene účtovného obdobia. Motívy zmeny účtovného obdobia.

Gespeichert in:
Bibliographische Detailangaben
1. Verfasser: Kubaščíková, Zuzana, 1982-
Format: Buchkapitel
Sprache:Slowakisch
Schlagworte:
Tags: Tag hinzufügen
Keine Tags, Fügen Sie das erste Tag hinzu!

MARC

LEADER 00000naa$a2200000$$$4500
001 0179027
005 20240502073036.5
041 0 |a slo 
044 |a SK 
245 1 0 |a Zmena účtovného obdobia  |c Zuzana Kubaščíková 
520 |a Oznámenie o zmene účtovného obdobia. Účtovná závierka a uzávierkové účtovné prípady. Daňové hľadisko pri zmene účtovného obdobia. Motívy zmeny účtovného obdobia. 
610 2 0 |a účtovníctvo 
610 2 0 |a účtovanie 
610 2 0 |a obdobie účtovné 
610 2 0 |a závierka účtovná 
610 2 0 |a základ dane 
610 2 0 |a dane z hodnoty pridanej 
610 2 0 |a legislatíva 
100 1 |a Kubaščíková, Zuzana, 1982-